Normal view MARC view

Entry Personal Name

Number of records used in: 2

001 - CONTROL NUMBER

  • control field: 79959

003 - CONTROL NUMBER IDENTIFIER

  • control field: dpl

005 - DATE AND TIME OF LATEST TRANSACTION

  • control field: 20250326165921.0

008 - FIXED-LENGTH DATA ELEMENTS

  • fixed length control field: 250326|| aca||aabn | a|a d

040 ## - CATALOGING SOURCE

  • Original cataloging agency: dpl
  • Transcribing agency: dpl

100 ## - HEADING--PERSONAL NAME

  • Personal name: Shiva, Vandana

670 ## - SOURCE DATA FOUND

  • Source citation: Work cat.: (dpl)210531: Shiva, Vandana, Terra Viva:, 2022

© Delhi Public Library
Hit Counter
free hit counter